| 000 | 00354nam a2200145Ia 4500 | ||
|---|---|---|---|
| 008 | 230917s9999||||xx |||||||||||||| ||und|| | ||
| 040 |
_e101416 _aMAIN |
||
| 041 | _aEnglish | ||
| 082 | _a005.268 R214A | ||
| 100 | _aRaymond Eric S | ||
| 245 | 0 | _aArt of UNIX programming | |
| 260 |
_aDelhi _bPearson Education _c2004 |
||
| 300 | _a525p p. | ||
| 942 | _cBK | ||
| 999 |
_c119497 _d119497 |
||